Konvergenčný projekt IASB a FASB vedúci k priblíženiu pravidiel IFRS a US GAAP diplomová práca

Na minha lista:
Detalhes bibliográficos
Autor principal: Kováčik, Martin
Autor Corporativo: Fakulta hospodárskej informatiky EU. Katedra účtovníctva a audítorstva
Outros Autores: Kubaščíková, Zuzana, 1982-
Formato: Livro
Idioma:eslovaco
Publicado em: Bratislava 2018
Tags: Adicionar Tag
Sem tags, seja o primeiro a adicionar uma tag!

MARC

LEADER 00000nbm a2200000 4500
001 0243473
005 20181108091710.6
041 0 |a slo 
044 |a SK 
245 1 0 |a Konvergenčný projekt IASB a FASB vedúci k priblíženiu pravidiel IFRS a US GAAP  |b diplomová práca  |c Martin Kováčik ; školiteľ: Zuzana Kubaščíková 
264 1 |a Bratislava  |c 2018 
300 |a 66 s. 
100 1 |a Kováčik, Martin 
700 1 |a Kubaščíková, Zuzana, 1982- 
710 2 |a Fakulta hospodárskej informatiky EU. Katedra účtovníctva a audítorstva